Players Who Scored 100 Goals or More in Ligue 1 - Statistics

General Stats
  • This quiz has been taken 46 times
  • The average score is 12 of 91
Answer Stats
Position Teams Still playing? Answer Goals % Correct
29 PSG Not in Ligue 1 (2013-2020) Edinson Cavani 138
100%
16 Monaco, PSG Yes (2015-2023) Kylian Mbappé 157
100%
60 PSG Not in Ligue 1 (2012-2016 Zlatan Ibrahimovic 113
94%
48 Lyon Yes (2010-2023) Alexandre Lacazette 120
70%
27 Nancy, Saint Etienne No (1973-1982) Michel Platini 139
67%
89 Nantes, Saint-Etienne, Lille, Marseille Yes (2005-2023) Dimitri Payet 101
64%
23 Toulouse, Monaco Yes (2010-2023) Wissam Ben Yedder 143
64%
66 Bastia No (1968-1982) Claude Papi 110
61%
25 Bordeaux, PSG No (2000-2008) Pauleta 141
61%
18 Marseille, Bordeaux No (1986-1998) Jean-Pierre Papin 156
58%
13 Nice, Reims No (1953-1962) Just Fontaine 164
58%
82 Lorient, Toulouse, Marseille Not in Ligue 1 (2006-2015) André-Pierre Gignac 102
48%
10 Marseille, Bordeaux No (1950-1960) Gunnar Andersson 179
39%
30 Marseille, Monaco, Lyon No (1993-2003) Sonny Anderson 138
39%
43 Saint-Etienne, Lyon, Marseille Not in Ligue 1 (2004-2017) Bafétimbi Gomis 122
36%
91 Troyes, Strasbourg, Marseille No (2000-2010) Mamadou Niang 100
33%
22 Saint-Etienne, PSG, Toulouse No (1972-1989) Dominique Rocheteau 145
27%
85 Rennes, Lyon, Guingamp, Bordeaux No (2003-2022) Jimmy Briand 102
27%
2 Lyon, Saint-Etienne, Bordeaux No (1969-1987) Bernard Lacombe 255
24%
1 Reims, Monaco, Tours, Toulon No (1971-1986) Delio Onnis 299
21%
14 Bordeaux, Marseille No (1970-1988) Alain Giresse 163
15%
41 Auxerre, Bordeaux, Bastia, Nice No (1992-2008) Lilian Laslandes 126
15%
9 Reims, PSG, Strasbourg No (1973-1980) Carlos Bianchi 179
12%
50 Lyon No (1969-1983) Serge Chiesa 120
12%
76 Sochaux, Le Havre, Lyon, Nantes No (1990-2000) Alain Caveglia 104
9%
8 Lyon, Red Star No (1960-1975) Fleury Di Nallo 187
9%
3 Saint-Etienne, Nice No (1965-1978) Hervé Revelli 216
9%
20 Marseille No (1966-1974) Josip Skoblar 151
9%
88 Saint-Etienne, Sochaux No (1969-1982) Patrick Revelli 101
9%
74 Lyon, Lens, PSG, Montpellier, Marseille, Toulon No (1977-1993) Daniel Xuereb 105
6%
86 Nantes, PSG No (1981-1987) Vahid Halilhodzic 101
6%
34 Sochaux, Rennes, Toulouse, Bordeaux, Cannes, Metz No (1977-1992) Yannick Stopyra 132
6%
67 Marseille, Reims, Monaco, Lyon, Toulon, Cannes No (1972-1988) Albert Emon 110
3%
65 Nantes No (1963-1974) Bernard Blanchet 111
3%
79 PSG, Laval, Lens, Strasboug, Marseille, Lyon, Lille No (1975-1993) François Brisson 103
3%
37 Ajaccio, PSG, Lens No (1969-1981) François M'Pelé 129
3%
81 Angers, Marseille No (1970-1981) Marc Berdoll 102
3%
53 Lyon, Metz, Red Star, No (1959-1975) Nestor Combin 117
3%
84 Lens, Bordeaux, Marseille, Nimes, Metz No (1980-1997) Philippe Vercruysse 102
3%
90 Nantes, Red Star No (1963-1972) Phlippe Gondet 100
3%
4 Sochaux,Troyes No (1933-1956) Roger Courtois 210
3%
6 Nancy, Reims, Nice No (1950-1966) Roger Piantoni 203
3%
31 Saint-Etienne, Marseille No (1967-1973) Salif Keita 135
3%
78 Bastia, Lille, Metz, Strasbourg, Tours, Le Havre, Saint-Etienne, Racing No (1974-1989) Abdelkrim Merry 103
0%
70 Strasbourg, Bordeaux, Lille, Nice No (1973-1986) Albert Gemmrich 106
0%
39 Sochaux, Nice, Nancy No (1951-1962) Alberto Muro 128
0%
15 Sochaux,Saint- Etienne, Lille, Lyon, Rennes No (1959-1971) André Guy 159
0%
47 Olympique Lillios, Sochaux, Red Star, Rennes, Stade France, Roubaix No (1933-1953) André Simonyi 120
0%
64 Lille, Le Havre No (1948-1961) André Strappe 112
0%
55 Sochaux, Saint-Etienne, Monaco, Marseille, Bordeaux No (1976-1989) Bernand Gerghini 117
0%
75 Nimes No (1954-1963) Bernard Rahis 104
0%
36 Metz, Nancy, Bordeaux, Marseille No (1974-1991) Bernard Zénier 130
0%
61 Stade Français, Nice, Marseille No (1962-1975) Charly Loubet 113
0%
17 Sète No (1935-1950) Désiré Koranyi 157
0%
54 Bordeaux, Marseille, Nantes No (1963-1976) Didier Couécou 117
0%
57 Marseille, Sedan, Strasbourg, Reims, Nice, Stade Français, Lille, Rouen No (1953-1970) Dominique Rustichelli 117
0%
73 Bordeaux No (1949-1956) Edouard Karhu 105
0%
63 Nantes, Monaco, Metz, Strasbourg No (1974-1986) Eric Pécout 112
0%
45 Lyon, Toulouse No (1954-1963) Ernest Schultz 121
0%
49 Lyon, Bastia, Paris FC, Nimes, Angers, Auxerre No (1968-1981) François Félix 120
0%
56 Lens, Sochaux, Rennes No (1962-1976) Georges Lech 117
0%
38 Sochaux, Monaco, Bordeaux, Toulouse, Strasbourg, Bastia, Lille, Rennes No (1972-1987) Gérard Soler 129
0%
58 Nimes, Sochaux, Valencienne, Saint-Etienne No (1954-1965) Ginès Liron 116
0%
11 Nimes, Reims, Monaco No (1955-1964) Hassan Akesbi 173
0%
32 Nice, Bordeaux No (1959-1969) Hector de Bourgoing 133
0%
44 Metz, Bordeaux, Strasbourg No (1945-1954) Henri Balliot 121
0%
35 Excelsior, Roubaix No (1934-1948) Henri Hiltl 131
0%
68 Nancy, Monaco, Strasbourg, Nimes, Sochaux, Stade Français No (1950-1963) Henri Skiba 109
0%
19 Red Star, Nimes, Bastia, Reims, Laval, Strasbourg, Bordeaux, Montpellier No (1968-1982) Jacky Vergnes 153
0%
33 Racing, Saint-Etienne, Nice, Toulouse No (1951-1964) Jacques Foix 132
0%
12 Lille, Roubaix No (1945-1955) Jean Baratte 169
0%
40 Rennes, Nice, Le Havre No (1947-1954) Jean Grumellon 126
0%
51 Lille, Reims No (1950-1964) Jean Vincent 119
0%
7 Stade Français, Sète, Nimes, Nice, Racing No (1947-1964) Joseph Ujlaki 190
0%
42 Marseille, Valenciennes, Strasbourg No (1962-1975) Joseph Yegba Maya 124
0%
71 Nancy, Toulouse No (1947-1963) Léon Deladerrière 106
0%
21 Lyon, Monaco, Aix No (1956-1968) Lucien Cossou 149
0%
62 Lens, Saint-Etienne, Sochaux No (1953-1969) Maryan Wisniewski 113
0%
72 Lens, Angers No (1954-1968) Michel Stievenard 106
0%
83 Sedan, PSG No (1969-1984) Mustapha Dalebh 102
0%
52 Strasbourg No (1934-1939) Oskar Rohr 118
0%
80 Strasbourg, Monaco, Sochaux No (1965-1972) Philippe Piat 102
0%
69 Reims, Marseille, Lyon, Troyes, Limoges No (1945-1960) Pierre Flamion 106
0%
59 Reims, Lyon No (1945-1954) Pierre Sinibaldi 115
0%
24 Saint Etienne, Bastia No (1954-1970) Rachid Mekhloufi 143
0%
46 Sochaux No (1947-1959) René Gardien 121
0%
77 Rouen, Red Star, Nimes, Sochaux, Nancy, Toulouse No (1969-1983) Robert Pintenat 103
0%
28 Racing, Monaco, Angers, Lyon No (1950-1966) Stéphane Bruey 139
0%
5 Metz, Racing, Valenciennes No (1947-1961) Thadée Cisowski 206
0%
87 Nice, Sochaux, Lyon No (1952-1963) Victor Nuremberg 101
0%
26 Lille, Le Havre, Monaco No (1953-1967) Yvon Douis 140
0%
No matching quizzes found
Score Distribution
Percent of People with Each Score
Percentile by Number Answered
Your Score History
You have not taken this quiz